Материалы по опытному делу Воронежской губернии. Вып. 10: Труды Воронежской с.-х. опытной станции (Запись № 5000858)

Подробности
000 -МАРКЕР
контрольное поле 01301nam2a22002531 4500
001 - ИДЕНТИФИКАТОР ЗАПИСИ
контрольное поле v19\rc\2092768
005 - ИДЕНТИФИКАТОР ВЕРСИИ
контрольное поле 20250620040219.0
035 ## - ДРУГИЕ СИСТЕМНЫЕ НОМЕРА
Идентификатор записи (NLR Aleph) 005162755
100 ## - ДАННЫЕ ОБЩЕЙ ОБРАБОТКИ
Данные общей обработки 20081218d1918 |||y0rusy50 ca
101 0# - ЯЗЫК РЕСУРСА
Язык текста, звукозаписи и т.д. русский
102 ## - СТРАНА ПУБЛИКАЦИИ ИЛИ ПРОИЗВОДСТВА
Страна публикации Российская Федерация
105 ## - ПОЛЕ КОДИРОВАННЫХ ДАННЫХ: ТЕКСТОВЫЕ МАТЕРИАЛЫ, МОНОГРАФИЧЕСКИЕ
Кодированные данные о монографическом текстовом документе y z |||||
200 1# - ЗАГЛАВИЕ И СВЕДЕНИЯ ОБ ОТВЕТСТВЕННОСТИ
Основное заглавие Труды Воронежской с.-х. опытной станции
Первые сведения об ответственности Сост. М.П. Устиновский
Обозначение и номер части № 4
Наименование части Полевые опыты в 1913-1917 гг.
210 ## - ПУБЛИКАЦИЯ, РАСПРОСТРАНЕНИЕ И ДР.
Дата издания, распространения и т.д. 1918
Место издания, распространения и т.д. Б. м.
215 ## - ФИЗИЧЕСКАЯ ХАРАКТЕРИСТИКА
Специфическое обозначение материала и объем [4], IV, 62 с.
461 #0 - УРОВЕНЬ НАБОРА
Встроенное поле 001v19\rc\2092758
-- 2001#$aМатериалы по опытному делу Воронежской губернии$eВып. 1-$fВоронеж. губ. земство. Экон. отд.$vВып. 10
Системный номер (АБИС) связанной записи 5000771
Место публикации Воронеж
Дата публикации 1914-1921
Первые сведения об ответственности Воронеж. губ. земство. Экон. отд.
Сведения, относящиеся к заглавию Вып. 1-
Заглавие Материалы по опытному делу Воронежской губернии
Номер тома Вып. 10
532 12 - РАСШИРЕННОЕ ЗАГЛАВИЕ
Заглавие Труды Воронежской сельскохозяйственной опытной станции
702 #1 - ИМЯ ЛИЦА - ВТОРИЧНАЯ ОТВЕТСТВЕННОСТЬ
Начальный элемент ввода Устиновский
Часть имени, кроме начального элемента ввода М.П.
Даты 1888-
Расширение инициалов личного имени Михаил Павлович
Код отношения Составитель
801 #0 - ИСТОЧНИК ЗАПИСИ
Страна Российская Федерация
Организация NLR
Правила каталогизации psbo
801 #1 - ИСТОЧНИК ЗАПИСИ
Страна Российская Федерация
Организация ProSoft-M
Источник данных rusmarc
852 ## - МЕСТОНАХОЖДЕНИЕ И ШИФР ХРАНЕНИЯ
Идентификатор организации NLR
Наименование фонда или коллекции (Sub-Location Identifier) Зем
Шифр хранения (Call Number) 9/22
942 ## - ДОПОЛНИТЕЛЬНЫЕ ЭЛЕМЕНТЫ ЗАПИСИ (АБИС)
Тип экземпляра АБИС Книга
980 ## - КОЛЛЕКЦИЯ
Название коллекции Национальная библиография
Экземпляры
Тип экземпляра Дата поступления Библиотека постоянного хранения Библиотека текущего хранения Место хранения Шифр хранения Штрих-код Статус экземпляра
Книга 26.10.2013 РНБ (Садовая) РНБ (Садовая) Русский книжный фонд -Главное здание, Ленинский читальный зал Зем 9/22 5162755-10